Специфика обучения китайских студентов русскому языку; Лингвогуманитарное образование в пространстве технического вуза

Detaylı Bibliyografya
Parent link:Лингвогуманитарное образование в пространстве технического вуза.— 2011.— С. 221-224
Yazar: Кошелева Е. Ю. Елена Юрьевна
Dil:Rusça
Baskı/Yayın Bilgisi: 2011
Konular:
Materyal Türü: Kitap Bölümü
KOHA link:https://koha.lib.tpu.ru/cgi-bin/koha/opac-detail.pl?biblionumber=283828

MARC

LEADER 00000naa2a2200000 4500
001 283828
005 20231031233517.0
035 |a (RuTPU)RU\TPU\book\307964 
035 |a RU\TPU\book\260436 
090 |a 283828 
100 |a 20150211d2011 k y0rusy50 ca 
101 0 |a rus 
102 |a RU 
200 1 |a Специфика обучения китайских студентов русскому языку  |f Е. Ю. Кошелева 
320 |a Библиогр.: с. 224 (2 назв.) 
463 0 |0 (RuTPU)RU\TPU\book\250404  |t Лингвогуманитарное образование в пространстве технического вуза  |o сборник трудов Международной заочной научно-методической конференции, г. Томск, 29-30 ноября 2011 г.  |f Национальный исследовательский Томский политехнический университет (ТПУ) ; под ред. Ю. Ю. Ковалевой  |v С. 221-224  |d 2011  |p 306 с. 
610 1 |a труды учёных ТПУ 
700 1 |a Кошелева  |b Е. Ю.  |c лингвист  |c доцент Томского политехнического университета, кандидат исторических наук  |f 1977-  |g Елена Юрьевна  |2 stltpush  |3 (RuTPU)RU\TPU\pers\29385 
801 1 |a RU  |b 63413507  |c 20130604 
801 2 |a RU  |b 63413507  |c 20150211  |g RCR 
942 |c BK